000 01306nam a2200349 a 4500
005 20191224041627.0
008 140121b2000 ck ||||| |||| 00| 0 spa d
041 _aspa
044 _ack
090 _aIAvH
_b00166
100 _aSánchez, Enrique
_92284
110 _9204
_aInstituto de Investigación de Recursos Biológicos Alexander von Humboldt
_bInstituto de Investigación de Recursos Biológicos Alexander von Humboldt
245 _aProtección del conocimiento tradicional elementos conceptuales para una propuesta de reglamentación -el caso de Colombia-
260 _aBogotá
_bInstituto Alexander von Humboldt
_c2000
300 _a382
650 _aConocimiento tradicional
_992244
650 _aDiversidad cultural
_93644
650 _aPropiedad intelectual
_94219
650 _aComunidades indígenas
_91805
650 _aComunidades negras
_93602
650 _aComunidades locales
_93678
650 _aManejo de recursos
_93533
650 _aRecursos genéticos
_93527
650 _aLegislación
_92474
650 _aAcceso a recursos genéticos
_94137
650 _aConvenio sobre diversidad biológica
_93261
662 _aColombia
700 _aPardo, María del Pilar
_94524
700 _aFlores, Margarita
_94525
700 _aFerreira, Paola
_94526
942 _cCD-ROM
_04
_2z
999 _c2203
_d2203